000
00286nam a22001337a 4500
008
181006b xxu||||| |||| 00| 0 eng d
020
_a
9780071777483
041
_a
eng
080
_a
510
100
_a
36
101
_a
MAT
245
_a
Linear Algebra
_c
Lipschutz, S
942
_2
udc
_c
BK
999
_c
48934
_d
48934